000 01527cam a2200289 4500
008 050317n2004 000 0 eng u
020 _a1860817300
035 _a(Sirsi) u129096
041 _aeng
050 _a693.54
_c18
100 _aSergi, G.
245 _aCorrosion of steel in concrete
_ba review of the effect of humidity
260 _aWatford
_bBRE
_c2004
300 _a8p.
_c30cm.
350 _a12
490 _aBRE Digest
_v491
520 _aThe definitive prescriptive nature of the exposure classes for concrete susceptible to reinforcement corrosion in the European Standard EN 206 does not adequately describe the enhanced risks of possible changing ambient environments in the lifetime of steel reinforcement, nor does it quantify the risk of reinforcement corrosion for more constant environments. A more robust environmental classification is needed based on a better understanding of the variation of moisture with depth under changing external conditions and of the resulting rate of corrosion of the steel reinforcement. This digest reviews recent models and data, presenting supplementary information to EN 206 for the UK, based on industry practices and environmental data.
650 _aREINFORCED CONCRETE
650 _aCORROSION
650 _aSTEEL
650 _aBS EN 206-1:2000
690 _aBUILT ENVIRONMENT-BUILDING MATERIALS
700 _aDunster, A.
710 _aBuilding Research Establishment
710 _aUnited Kingdom
_bDepartment of Trade and Industry
942 _n0
999 _c104105
_d104105